000 00913cam a22002771 4500
001 sa 68004088
003 DLC
005 20260227112459.0
008 790806s1965 fr ab 000 0 fre
010 _asa 68004088
035 _a(OCoLC)5244931
040 _aDLC
_cWU
_dDLC
042 _apremarc
043 _aa-ii---
050 0 0 _aQ2
_b.I485 t. 3, fasc. 3.
100 1 _aLabroue, L.
245 1 0 _aBioclimats du sous-continent indien
_c[par] L. Labroue, P. Legris [et] M. Viart.
260 _aPondichéry,
_bImprimerie de la Mission,
_c1965.
300 _a32 p.
_billus., map.
_c24 cm.
410 2 0 _aInstitut français de Pondichéry.
_tTravaux de la section scientifique et technique,
_vt. 3, fasc. 3
500 _aAccompanied by three fold. col. maps.
650 0 _aBioclimatology
_zIndia.
651 0 _aIndia
_xClimate.
700 1 _aLegris, P.,
_ejoint author.
700 1 _aViart, M.,
_ejoint author.
999 _c79964
_d79964